DNA repair and mutagenesis in eukaryotes /

Bibliographic Details
Corporate Authors: Symposium on DNA Repair and Mutagenesis in Eukaryotes Atlanta, Ga., National Institute of Environmental Health Sciences
Other Authors: Generoso, W. M., Shelby, Michael D., De Serres, Frederick J.
Format: Conference Proceeding Book
Language:English
Published: New York : Plenum Press, [1980]
Series:Basic life sciences ; v. 15.
Subjects:

MARC

Tag First Indicator Second Indicator Subfields
LEADER 00000pam a2200000 a 4500
001 in00000080403
005 20151008060947.0
008 800623s1980 nyua b 10110 engm
010 |a  80018743  
020 |a 0306405520 
035 |a (OCoLC)06532314 
035 |9 AAJ6980AM 
040 |a DLC  |c DLC  |d m.c.  |d TXA  |d UtOrBLW 
049 |a TXAM  |c [1443008] 
050 0 0 |a QH467  |b .S95 1979 
060 0 |a W3 BA255 v. 15 1979  |a QH467 S989d 1979 
082 0 |a 574.87/3282 
111 2 |a Symposium on DNA Repair and Mutagenesis in Eukaryotes  |d (1979 :  |c Atlanta, Ga.) 
245 1 0 |a DNA repair and mutagenesis in eukaryotes /  |c edited by W.M. Generoso, M.D. Shelby, and F.J. de Serres. 
264 1 |a New York :  |b Plenum Press,  |c [1980] 
264 4 |c ©1980 
300 |a xii, 458 pages :  |b illustrations ;  |c 26 cm. 
336 |a text  |b txt  |2 rdacontent 
337 |a unmediated  |b n  |2 rdamedia 
338 |a volume  |b nc  |2 rdacarrier 
490 1 |a Basic life sciences ;  |v v. 15 
500 |a "Proceedings of the Symposium on DNA Repair and Mutagenesis in Eukaryotes, sponsored by the National Institute of Environmental Health Sciences, and held in Atlanta, Georgia, June 25-29, 1979 " -- Title page verso. 
504 |a Includes bibliographies and index. 
650 0 |a DNA repair  |v Congresses. 
650 0 |a Mutagenesis  |v Congresses. 
650 2 |a DNA Repair  |x Congresses. 
650 2 |a Mutation  |x Congresses. 
650 2 |a Cells  |x Congresses. 
700 1 |a Generoso, W. M. 
700 1 |a Shelby, Michael D. 
700 1 |a De Serres, Frederick J. 
710 2 |a National Institute of Environmental Health Sciences. 
830 0 |a Basic life sciences ;  |v v. 15. 
999 |a MARS 
999 f f |s 005002e2-9067-3d96-860a-d9b119e0c939  |i a440b17f-d925-350e-9aaa-313b47881acc  |t 0 
952 f f |p ric  |a Texas A&M University  |b Rellis Campus  |c Joint Library Facility  |d Remote Storage  |t 0  |e QH467 .S95 1979  |h Library of Congress classification  |i unmediated -- volume  |m A14806217181 
998 f f |a QH467 .S95 1979  |t 0  |l Remote Storage